00633nam a2200193Ia 4500008004000000020001800040041000800058082001900066100001900085245002700104260004100131300000900172650001500181650001600196690001900212906001100231999001700242952018000259210210b2014 xxu||||| |||| 00| 0 eng d a9788192864730 aeng a891.46109 LOBK aLOBO (Myaksim) aKavitvachem nandanavan aMangalorebKavita Pablikeshansc2014 ax,90 anandanavan aKavitvachem aKonkani Poetry a069492 c78202d78202 001040708KonkaniaALbALcKonkani Literatured2021-02-17eKarnataka konkani sahithya akademi, manglurg80.00l0o891.46109 LOBKp069492r2021-02-17 00:00:00w2021-02-17yBK